Autómatas programables y sistemas de automatización /
Contenido: 1) Introducción a los controladores lógicos; 2) Sistema STEP7 de programación de autómatas programables; 3) Sistema normalizado IEC 1131-3 de programación de autómatas programables; 4) Fundamentos de los sistemas electrónicos de control; 5) Diseño de sistemas de control lógico con autómat...
محفوظ في:
| مؤلفون آخرون: | |
|---|---|
| التنسيق: | كتاب |
| اللغة: | الإسبانية |
| منشور في: |
México : Barcelona, España :
Alfaomega ; Marcombo,
2010, c2010
|
| الطبعة: | 2a edición |
| الموضوعات: | |
| الوسوم: |
لا توجد وسوم, كن أول من يضع وسما على هذه التسجيلة!
|
MARC
| LEADER | 00000nam^a2200000^a^4500 | ||
|---|---|---|---|
| 001 | 000305703 | ||
| 005 | 20250521000000.0 | ||
| 009 | 20260310112755.589 | ||
| 020 | |a 978-607-7686-73-6 | ||
| 037 | |a Acervo ITESO - Biblioteca | ||
| 041 | |a ESP | ||
| 082 | |a 629. 892 |b AUT | ||
| 245 | 0 | 0 | |a Autómatas programables y sistemas de automatización / |c E. Mandado Pérez... [et al.] ; pról. de Manuel Lenza, Alvaro Esteve Vives. |
| 250 | |a 2a edición | ||
| 264 | 4 | |a México : |b Alfaomega ; |a Barcelona, España : |b Marcombo, |c 2010, c2010 | |
| 300 | |a XXXIII, 1085 p. + |e 1 DVD de computadora | ||
| 336 | |a texto |b txt |2 rdacontenido | ||
| 337 | |a sin mediación |b n |2 rdamedio | ||
| 338 | |a volumen |b nc |2 rdasoporte | ||
| 520 | |a Contenido: 1) Introducción a los controladores lógicos; 2) Sistema STEP7 de programación de autómatas programables; 3) Sistema normalizado IEC 1131-3 de programación de autómatas programables; 4) Fundamentos de los sistemas electrónicos de control; 5) Diseño de sistemas de control lógico con autómatas programables; 6) Control de procesos mediante autómatas programables; 7) Sensores Industriales; 8) Interfaces de entrada y salida; 9) El autómata programable y las comunicaciones industriales; 10) Confiabilidad de los sistemas electrónicos de control. | ||
| 649 | |a XX | ||
| 650 | |a Controladores Programables - |x Tema Principal | ||
| 650 | |a Control de Procesos | ||
| 650 | |a Control Automático | ||
| 650 | |a Sistemas Electrónicos | ||
| 650 | |a Automatización - |x Tema Principal | ||
| 650 | |a Ingeniería Electrónica | ||
| 700 | |a Mandado Pérez, Enrique |e (autor) | ||
| 910 | |a Fondo General | ||
| 920 | |a Impresos - Libros | ||
| 930 | |a Obras de Referencia | ||
| 905 | |a 102 | ||
| 901 | |a 0500191898 |b IT2 |c DWB |i C125675 |u 20250521 | ||
| 902 | |a https://opac.biblio.iteso.mx/vufind/Record/000305703 | ||